000 00690 a2200229 4500
005 20260120113840.0
008 260120b |||||||| |||| 00| 0 eng d
037 _cREF
040 _aCRL
_cCRL
041 _2ARB
_aARB
084 _aQ7:33 28[R5].1-.20
_bCRL
100 _aSahhar, Abdul Hameed Judah
_9854144
245 _aMohammad Rasulallah Wazzainmah:
_bQuraish
260 _c1967.
300 _a263p. (Vol.5)
365 _b450.00
_cINR
440 _vVol. 1-20
650 _aIslam
_9905582
650 _aProphets
_9905583
942 _cTB
_2CC
_n0
_hQ7:33 28[R5].1-.20
999 _c1465830
_d1465830